00449nam a2200157 a 4500008004100000020001500041050001500056100002400071245002600095260003700121300002300158350000900181490003400190650004100224650002600265120416s1971 ||||||||||||||||| || u a0050023462 aQA 300 FUL aFullerton, Gordon H10aMathematical analysis aEdinburg:bOliver and Boydc1971 aviii, 152p. : ill. a0.00 aUniversity mathematical texts 0aMATHEMATICS--HANDBOOKS, MANUALS, ETC aMATHEMATICAL ANALYSIS